| Tag |
First Indicator |
Second Indicator |
Subfields |
| LEADER |
00000cam a2200000 a 4500 |
| 001 |
in00000007269 |
| 005 |
20151005060021.0 |
| 007 |
hd afb||||||| |
| 008 |
880223r19781978miu ab 00010 eng d |
| 035 |
|
|
|a (OCoLC)17526454
|
| 035 |
|
|
|9 AAA1752AM
|
| 040 |
|
|
|a TXA
|c TXA
|d UtOrBLW
|
| 043 |
|
|
|a f-ua---
|
| 049 |
|
|
|a TXAI
|
| 099 |
|
|
|a film
|a B
|a 3251
|
| 100 |
1 |
|
|a Salib, Tahany Migally Abdallah.
|
| 245 |
1 |
4 |
|a The effect of discovery and expository methods of teaching selected physical science concepts on science achievement and attitude of students in an Egyptian General Preparatory School for Girls /
|c by Tahany Migally Abdallah Salib.
|
| 264 |
|
1 |
|a [Place of publication not identified] :
|b [publisher not identified] ;
|c 1978.
|
| 300 |
|
|
|a ix, 111 leaves.
|
| 336 |
|
|
|a text
|b txt
|2 rdacontent
|
| 337 |
|
|
|a microform
|b h
|2 rdamedia
|
| 338 |
|
|
|a microfilm reel
|b hd
|2 rdacarrier
|
| 502 |
|
|
|b Ph. D.
|c Pennsylvania State University
|d 1978.
|
| 500 |
|
|
|a Vita.
|
| 504 |
|
|
|a Bibliography: leaves 63-70.
|
| 533 |
|
|
|a Microfilm.
|b Ann Arbor, Mich. :
|c University Microfilms International,
|d 1978.
|e 1 microfilm reel ; 35 mm.
|
| 500 |
|
|
|a Microform.
|
| 650 |
|
0 |
|a Students
|x Attitudes.
|
| 650 |
|
0 |
|a Achademic achievement.
|
| 650 |
|
0 |
|a Science
|x Study and teaching
|z Egypt.
|
| 999 |
|
|
|a MARS
|
| 999 |
f |
f |
|s c36a2ab0-f4ed-3989-bf18-3c69e618ffae
|i 1b220001-ac9e-38c4-9a39-e8f14a4e73f0
|t 0
|
| 952 |
f |
f |
|p default
|a Texas A&M University
|b College Station
|c Sterling C. Evans Library
|d Evans: Microforms (3rd floor)
|t 0
|e film B 3251
|h Other scheme
|i microform -- microfilm reel
|
| 998 |
f |
f |
|a film B 3251
|t 0
|l Evans: Microforms (3rd floor)
|